00763cam a22001934a 450000500170000000800410001702000180005804000480007604100080012424501210013226000600025330000590031350400530037265000260042565000230045170000260047470000340050070000350053420140903175021.0140203s2011 gw ad fr 001 0 eng c a9783642216244 aCO-BoUCMbspacJose A. GerenadHenry Ríos aeng00aOrigins of lifebthe primal self-organizationceditado por Richard Egel, Dirk-Henner Lankenau, Armen Y. Mulkidjanian aHeidelberg (Baden-Wurtemberg, Alemania)bSpringerc2011 aviii, 366 páginasbilustraciones, cuadros, gráfica aIncluye referencias bibliográficas e índices 4aEvolución molecular 7aOrigen de la vida 1 aEgel, Richardeeditor1 aLankenau, Dirk-Hennereeditor1 aMulkidjanian, Armen Y.eeditor